000 00483nam a2200181Ia 4500
001 8338
005 20260306160602.0
008 260306t2008||||xx |||||||||||||| ||spa||
041 _aESP
082 _a370.19
_bS64
100 _aMora-Ninci, Carlos (comp).
_eAUT
245 0 _aSociología política de la educación:
_ben perspectiva internacional y comparada
260 _c2008
300 _a282 páginas :
_c21 cm.
650 _aGEN
654 _aCED
942 _cLIB
_dJUS
_fJUS
_2ddc
_n
999 _c8338
_d8338